000 00505nam a2200169 i 4500
001 52257
003 ES-MaACL
005 20230906162542.0
007 t|
008 030827s1972 sp ||||1| spa d
100 1 _aChumillas, José.
_938697
245 1 0 _aEducación de la fé en familia
_b: catequesis de preparación a la Primera Comunión /
_cJosé Chumillas.
250 _a[2ª ed.].
260 _aMadrid :
_bMarova,
_c[1972]
300 _a52 p. ;
_c22 cm.
852 _aES-MaACL
_j2081-F-14
_bR.85331
999 _c52257
_d52257